The noble scholar, jurist, historian


 His Excellency Dr. Abdul Wahhab bin Ibrahim Abu Sulaiman, may Allah have mercy on him.


 He was born in Umm Al-Qura in the year 1356 AH.

فهرس فتح القدير : (Record no. 13787)

MARC details
000 -LEADER
fixed length control field 01931cam a22003371i 4500
003 - CONTROL NUMBER IDENTIFIER
control field SA-RiAUC
005 - DATE AND TIME OF LATEST TRANSACTION
control field 20251229093639.0
008 - FIXED-LENGTH DATA ELEMENTS--GENERAL INFORMATION
fixed length control field 251120s1986 ku g i f000 0 ara c
040 ## - CATALOGING SOURCE
Original cataloging agency EG-CaDAJ
Language of cataloging ara
Transcribing agency SA-RiAUC
Description conventions rda
082 04 - DEWEY DECIMAL CLASSIFICATION NUMBER
Classification number 258.1016
090 ## - LOCALLY ASSIGNED LC-TYPE CALL NUMBER (OCLC); LOCAL CALL NUMBER (RLIN)
Classification number (OCLC) (R) ; Classification number, CALL (RLIN) (NR) 258.1016
Local cutter number (OCLC) ; Book number/undivided call number, CALL (RLIN) ف هـ ر
245 00 - TITLE STATEMENT
Title فهرس فتح القدير :
Remainder of title شرح الهداية في الفقه الحنفي. يليه فهرس تحليلي لكتاب شرح الكمال بن الهمام على الهداية للمرغيناني.
250 ## - EDITION STATEMENT
Edition statement الطبعة الأولى.
264 #1 - PRODUCTION, PUBLICATION, DISTRIBUTION, MANUFACTURE, AND COPYRIGHT NOTICE
Place of production, publication, distribution, manufacture [الكويت] :
Name of producer, publisher, distributor, manufacturer وزارة الأوقاف والشؤون الإسلامية،
Date of production, publication, distribution, manufacture, or copyright notice 1986
300 ## - PHYSICAL DESCRIPTION
Extent 859 صفحة؛
Dimensions 24 سم.
336 ## - CONTENT TYPE
Content type term نص
Content type code txt
Source rdacontent
Materials specified كتاب
337 ## - MEDIA TYPE
Media type term بدون وسيط
Media type code n
Source rdamedia
338 ## - CARRIER TYPE
Carrier type term مجلد
Carrier type code nc
Source rdacarrier
490 0# - SERIES STATEMENT
Series statement أعمال موسوعية مساعدة
650 #7 - SUBJECT ADDED ENTRY--TOPICAL TERM
Topical term or geographic name entry element الفقه الحنفي
Form subdivision كشافات
Source of heading or term aucsh
700 12 - ADDED ENTRY--PERSONAL NAME
Personal name ابن الهمام، محمد بن عبد الواحد بن عبد الحميد،
Dates associated with a name 790-861 هجري
Title of a work فتح القدير على الهداية.
700 12 - ADDED ENTRY--PERSONAL NAME
Personal name ابن الهمام، محمد بن عبد الواحد بن عبد الحميد،
Dates associated with a name 790-861 هجري
Title of a work شرح الكمال بن الهمام على الهداية.
700 12 - ADDED ENTRY--PERSONAL NAME
Personal name المرغيناني، علي بن أبي بكر بن عبد الجليل،
Dates associated with a name 530-593 هجري
700 12 - ADDED ENTRY--PERSONAL NAME
Personal name المرغيناني، علي بن أبي بكر بن عبد الجليل،
Dates associated with a name 530-593 هجري.
Title of a work بداية المبتدي في فقه الإمام أبي حنيفة
740 02 - ADDED ENTRY--UNCONTROLLED RELATED/ANALYTICAL TITLE
Uncontrolled related/analytical title فتح القدير على الهداية.
740 02 - ADDED ENTRY--UNCONTROLLED RELATED/ANALYTICAL TITLE
Uncontrolled related/analytical title شرح الكمال بن الهمام على الهداية.
740 22 - ADDED ENTRY--UNCONTROLLED RELATED/ANALYTICAL TITLE
Uncontrolled related/analytical title الهداية : شرح بداية المبتدي.
740 02 - ADDED ENTRY--UNCONTROLLED RELATED/ANALYTICAL TITLE
Uncontrolled related/analytical title بداية المبتدي في فقه الإمام أبي حنيفة.
942 ## - ADDED ENTRY ELEMENTS (KOHA)
Source of classification or shelving scheme Dewey Decimal Classification
Koha item type Books
Suppress in OPAC No
949 ## - LOCAL PROCESSING INFORMATION (OCLC)
a SA-JeALM
d 251120
u mohamedma123
n 1
Holdings
Withdrawn status Lost status Source of classification or shelving scheme Damaged status Not for loan Home library Current library Date acquired Total checkouts Full call number Barcode Date last seen Price effective from Koha item type
    Dewey Decimal Classification     DR AbdElwahab Library DR AbdElwahab Library 12/29/2025   258.1016 ف هـ ر 000022106 12/29/2025 12/29/2025 Books